[Event "16th Delhi GM Open 2018"]
[Site "Delhi"]
[Date "2018.01.13"]
[Round "7"]
[White "Kathmale, Sameer"]
[Black "Ghosh, Diptayan"]
[Result "1-0"]
[WhiteElo "2300"]
[BlackElo "2556"]
[Annotator "TA"]
[PlyCount "59"]
[EventDate "2018.??.??"]
[EventType "swiss"]
[EventCountry "IND"]
[SourceTitle "playchess.com"]
[Source "ChessBase"]
[SourceQuality "1"]

{[%evp 31,59,13,56,37,38,8,18,18,31,32,51,54,57,43,37,21,60,40,28,26,35,0,57,0,71,0,38,0,29,-12]} 1. e4 e5 2. Nf3 Nc6 3. Bb5 a6 4. Ba4 Nf6 5. d3 d6 6. c3 Be7 7. Nbd2 O-O 8. O-O Re8 9. Re1 Bf8 10. Nf1 b5 11. Bc2 h6 12. h3 Bb7 13. Ng3 Nb8 14. a4 Nbd7 15. d4 g6 16. Bd3 c6 17. b3 {C92: Closed Ruy Lopez: 9...Be6, Karpov and Flohr-Zaitsev Variations} (17. c4 exd4 18. Nxd4 Ne5 19. axb5 axb5 20. Rxa8 Qxa8 21. cxb5 c5 22. Nc6 Bxc6 23. bxc6 Qxc6 24. Bc2 Rb8 {1-0 (54) Donchenko,A (2577)-Sanal,V (2501) Berlin 2015}) 17... Bg7 18. Bb2 Qc7 19. Qc2 $146 {The position is equal.} ({Predecessor:} 19. Qd2 Rad8 20. b4 Nb6 21. a5 Nc8 22. Rac1 c5 23. d5 {1-0 (83) Senders,M (2317)-Zisiadis,D (2005) Paleochora 2015}) 19... Nf8 20. axb5 cxb5 21. d5 N8d7 22. b4 Nb6 23. Nd2 Rac8 24. Rec1 h5 25. Ngf1 Bh6 26. Ra3 Qe7 (26... Nbxd5 $11 27. exd5 Nxd5) 27. Qd1 {[#]} (27. Re1 $1 $14) 27... Qc7 (27... Nbxd5 $1 $11 {[%mdl 512] keeps the balance.} 28. exd5 e4) 28. Qc2 Qe7 29. Qd1 h4 30. Ne3 {[%mdl 32768] Precision: White = 33%, Black = 48%. . Loss on Time!?} 1-0

[Event "16th Delhi GM Open 2018"]
[Site "Delhi"]
[Date "2018.01.13"]
[Round "7"]
[White "Gajwa Ankit"]
[Black "Vaibhav, Suri"]
[Result "0-1"]
[WhiteElo "2284"]
[BlackElo "2542"]
[Annotator "TA"]
[PlyCount "64"]
[EventDate "2018.??.??"]
[EventType "swiss"]
[EventCountry "IND"]
[SourceTitle "playchess.com"]
[Source "ChessBase"]
[SourceQuality "1"]

{[%evp 25,64,-50,-43,-62,-50,-60,-36,-58,-34,-43,-36,-30,-22,-102,-53,-73,-63,-77,-49,-50,-56,-44,-12,-10,-16,-13,-13,-18,6,-39,-43,-92,-70,-222,-264,-253,-228,-210,-216,-1748,-1669]} 1. e4 e6 2. d4 d5 3. Nc3 Bb4 4. e5 c5 5. a3 Bxc3+ 6. bxc3 Qa5 7. Bd2 Qa4 8. Qg4 Kf8 9. Qd1 {C18: French: 3 Nc3 Bb4: Main line: 7 h4 and 7 Qg4} b6 10. dxc5 bxc5 11. Nf3 (11. c4 Ba6 12. cxd5 Bxf1 13. Kxf1 exd5 14. Nf3 Nd7 15. h4 h5 16. Rb1 Ne7 {½-½ (47) Najer,E (2699)-Harikrishna,P (2733) Antalya 2017}) 11... Ne7 12. Bd3 Nd7 13. O-O Ba6 {LiveBook: 8 Games} 14. Rb1 h6 15. Re1 {[#]} Kg8 $146 ({Predecessor:} 15... Bxd3 16. cxd3 Qxd1 17. Rexd1 {1-0 (70) Savchenko,B (2569)-Shipov,S (2576) Moscow 2006}) 16. h3 c4 17. Bf1 Nc6 18. Bf4 Kh7 19. Nh2 (19. Nd4 $11 {remains equal.}) 19... Ne7 20. Qc1 Qa5 21. Nf3 Rab8 22. Rb4 Nc6 23. Nd4 Nxd4 24. cxd4 c3 25. Re3 Bxf1 $1 26. Qxf1 g5 27. Rg3 {[#] Black must now prevent Qd1.} Qxa3 28. Qd3+ Kg7 29. Bxg5 $2 (29. Rxb8 $15 Rxb8 30. Kh2) 29... hxg5 $19 30. Rxg5+ {[#]} Kf8 $1 31. Rxb8+ Nxb8 32. Qb5 $2 (32. Rg3) 32... Qc1+ {Precision: White = 22%, Black = 67%.} 0-1

[Event "16th Delhi GM Open 2018"]
[Site "Delhi"]
[Date "2018.01.13"]
[Round "7"]
[White "Matta, Vinay Kumar"]
[Black "Lalith Babu M R"]
[Result "0-1"]
[WhiteElo "2269"]
[BlackElo "2542"]
[Annotator "TA"]
[PlyCount "124"]
[EventDate "2018.??.??"]
[EventType "swiss"]
[EventCountry "IND"]
[SourceTitle "playchess.com"]
[Source "ChessBase"]
[SourceQuality "1"]

{[%evp 29,124,-16,0,0,0,0,0,0,0,0,18,18,22,22,88,77,86,78,114,108,94,83,77,35,48,-3,-3,-3,-3,0,0,-3,-3,-3,-4,-4,-5,-8,-4,-14,-20,-31,-20,-51,-58,-51,-47,-105,-108,-116,8,-198,-22,-21,0,-197,-199,-211,-205,-243,-228,-234,-235,-256,-257,-264,-247,-262,-265,-293,-295,-469,-457,-631,-618,-638,-608,-545,-526,-463,-441,-1160,-1172,-1128,-907,-1162,-1005,-1533,-1390,-1685,-1124,-29978,-29979,-29981,-29982,-29982,-29983]} 1. e4 {[%cal Be2e4,Be4e5][%mdl 32]} Nf6 2. e5 Nd5 3. d4 d6 4. c4 Nb6 5. exd6 cxd6 6. Nc3 g6 7. Be3 Bg7 8. Rc1 Nc6 9. Be2 O-O 10. Nf3 Bg4 11. b3 d5 12. c5 Nc8 {[%cal Bb6c8,Bc8e7,Be7f5][%mdl 32]} 13. O-O e6 14. Ne1 {B04: Alekhine's Defence: 4 Nf3} (14. h3 Bxf3 15. Bxf3 N8e7 16. Nb5 Nf5 17. g4 a6 18. gxf5 axb5 19. fxe6 fxe6 20. Bg4 Qf6 21. Rc2 h5 22. Be2 Qh4 23. Rd2 Qxh3 {0-1 (32) Durarbayli,V (2501)-Miroshnichenko,E (2686) Baku 2010}) 14... Bxe2 15. Nxe2 b6 {LiveBook: 3 Games} 16. Nf3 {The position is equal.} N8e7 17. Qd2 Nf5 18. Bf4 $146 ({Predecessor:} 18. Ng3 Nxe3 19. fxe3 bxc5 20. dxc5 e5 21. Rcd1 e4 {1-0 (61) Gholami,A (2163)-Chigladze,I (2385) Edirne 2013}) 18... Rc8 19. b4 h6 20. h3 bxc5 21. Rxc5 g5 (21... Nd6 $11 {remains equal.}) 22. Rfc1 $16 Qd7 23. Bh2 Nd6 24. Bxd6 Qxd6 25. b5 Ne7 26. Qa5 Qb6 27. Qxb6 ({White should try} 27. Qb4 $14) 27... axb6 $11 28. Rc7 Rxc7 29. Rxc7 Nf5 30. Rb7 Ra8 31. g4 Rxa2 {White should prevent ...Nd6.} 32. gxf5 Rxe2 33. fxe6 Rxe6 {[%mdl 4096] Endgame KRB-KRN} 34. Rd7 Kf8 35. Rxd5 Ke7 {Hoping for ...Rd6.} 36. Nd2 Re1+ 37. Kg2 Rc1 38. Ne4 (38. h4 $15) 38... Rc4 $17 39. Nd6 Ra4 (39... Rc3 $17 {...Ke6 is the strong threat.} 40. Nb7 Bf6) 40. Ne4 $2 (40. Nc8+ $11 Ke6 41. Rd6+ Kf5 42. Ne7+ Ke4 43. f3+ Kf4 44. Nd5+ Kf5 45. Ne7+ Kf4 46. Nd5+ Kf5 47. Ne7+ Kf4) 40... Ra7 $2 (40... Rxd4 $19 41. Rxd4 Bxd4) 41. Ng3 $1 $11 Ra4 42. Ne2 $2 {[#]} (42. Ne4 $11 {and White is okay.}) 42... Bf6 $1 $19 43. Rf5 Bxd4 44. Ng3 Ke6 45. Rf3 Be5 46. Re3 Rb4 47. Ne2 Kf6 48. Rf3+ Kg6 49. Rd3 Rxb5 50. f4 (50. Rd8 {might work better.}) 50... Bxf4 51. Nxf4+ gxf4 {KR-KR} 52. Rd6+ f6 53. Kf3 Kf5 54. Rd3 Re5 {[#] aiming for ...Re3+!} 55. Rd6 (55. Kf2 $142) 55... Re3+ 56. Kf2 Rb3 57. Rc6 b5 {[%cal Bb6b5,Bb5b4,Bb4b3][%mdl 32]} 58. Rb6 h5 59. Rd6 b4 60. Rb6 Rb1 {Black mates.} 61. Kf3 b3 62. Rb4 Kg6 {Precision: White = 34%, Black = 64%.} 0-1

[Event "16th Delhi GM Open 2018"]
[Site "Delhi"]
[Date "2018.01.13"]
[Round "7"]
[White "Tiwari, Arjun"]
[Black "Karthikeyan, P.."]
[Result "1/2-1/2"]
[WhiteElo "2179"]
[BlackElo "2497"]
[Annotator "TA"]
[PlyCount "48"]
[EventDate "2018.??.??"]
[EventType "swiss"]
[EventCountry "IND"]
[SourceTitle "playchess.com"]
[Source "ChessBase"]
[SourceQuality "1"]

{[%evp 16,48,2,-15,0,4,35,0,6,0,10,7,23,22,44,16,22,18,20,13,25,16,17,28,87,101,91,89,96,88,93,42,52,6,29993]} 1. e4 e5 2. Nf3 Nc6 3. Nc3 Nf6 4. d4 exd4 5. Nxd4 Bc5 6. Nxc6 bxc6 7. Bd3 O-O 8. O-O Re8 {C47: Schottisches Vierspringerspiel} 9. h3 {LiveBook: 3 Partien} Rb8 $146 ({Vorgänger:} 9... h6 10. Qf3 d6 11. Qg3 Nh5 12. Qf3 Qh4 13. Ne2 Nf6 14. e5 Nd5 15. Nf4 Rxe5 16. Nxd5 cxd5 {0-1 (75) Kovchan,A (2558)-Eljanov,P (2712) Kiev 2011}) 10. Qf3 d5 11. exd5 cxd5 12. Bg5 c6 ({Schwächer ist} 12... Rxb2 13. Na4 $16) 13. Rad1 Be7 14. b3 Be6 15. Rfe1 h6 16. Bf4 Bd6 17. Ne2 c5 18. Bxd6 Qxd6 19. Nf4 Bd7 {[#]} (19... d4 $11 {bleibt in der Remisbreite.}) 20. Rxe8+ $1 $16 Rxe8 {[#]} 21. Nxd5 $1 {[%mdl 512]} Nxd5 (21... Qxd5 22. Bh7+) 22. c4 Bc6 {Weiss muss nun ...Sc3 beachten.} 23. cxd5 (23. Be4 $16) 23... Bxd5 $14 24. Qxd5 Kf8 $2 {[%mdl 40960] Precision: Weiß = 56%, Schwarz = 20%. . An unexpected result.} (24... Qxd5 $11 25. Bh7+ Kxh7 26. Rxd5 Re1+ 27. Kh2 Rc1) 1/2-1/2